00904nam a2200253 a 450000100100000000500170001000800410002702000150006804000250008308200240010810000360013224500430016825000110021126000530022230000330027549000440030858600350035265000280038765000310041583000500044604900090049695201280050599900170063300002286420200930021837.0101119s1980 sp r 000 f spa d a8432053589 aDO-SdBNPbspacBNPHU a863.64bT676d, 19801 aTorbado, Jesús,d1943-94699210aEn el día de hoy /cJesús Torbado. a9a ed. aBarcelona, España :bEditorial Planeta,c1980. a361, [362], [4] p. ;c19 cm.1 aAutores Españoles e Hispanoamericanos aPremio Editorial Planeta, 1976 4aNovela española91123 4aLiteratura española9632 0aAutores Españoles e Hispanoamericanos95042 aBNGR 001054708MOaGRbGRcCTd2010-11-19iLF1l0o863.64 T676d, 1980p22864-10r2020-06-25w2020-06-25y4ZPréstamo en sala c22361d22361